| 000 | 00882cam a22002654a 4500 | ||
|---|---|---|---|
| 001 | 16577066 | ||
| 003 | BD-DhUIB | ||
| 005 | 20210320124928.0 | ||
| 008 | 101213s2012 nyu 001 0 eng | ||
| 020 | _a978125900476 | ||
| 020 | _a125900476 | ||
| 040 |
_aDLC _cDLC _dBD-DhUIB |
||
| 082 | 0 | 0 |
_a658.4012 _222 |
| 245 | 0 | 0 |
_aCrafting and executing strategy : _bthe quest for competitive advantage : concepts and cases / _cArthur A. Thompson ... [et al.]. |
| 250 | _a18th ed. | ||
| 260 |
_aNew York : _bMcGraw-Hill/Irwin, _cc2012. |
||
| 300 |
_a1 v. (various pagings) : _bill. ; _c23 cm. |
||
| 500 | _aRev. ed. of: Crafting and executing strategy / Arthur A. Thompson. 18th ed. 2010. | ||
| 500 | _aIncludes index. | ||
| 526 | _aBBA. | ||
| 650 | 0 |
_aStrategic planning. _936 |
|
| 650 | 0 |
_aStrategic planning _vCase studies. _938 |
|
| 700 | 1 |
_aThompson, Arthur A., _95 |
|
| 942 |
_2ddc _cBK |
||
| 999 |
_c54 _d54 |
||